| 000 | 00620nam a22002057a 4500 | ||
|---|---|---|---|
| 003 | OSt | ||
| 005 | 20251215102908.0 | ||
| 008 | 251215b |||||||| |||| 00| 0 eng d | ||
| 020 | _a9781398846104 | ||
| 040 | _cHS LRC | ||
| 050 |
_aPZ 8.1.G75 _b.G793 2024 |
||
| 245 |
_aGreek myths and legends : _btales of the gods and heroes of ancient Greece / |
||
| 260 |
_aLondon : _bArcturus, _cc2024. |
||
| 265 | _aFFB | ||
| 300 |
_a255 pages : _billustrations, _c24 cm. |
||
| 365 | _b1,435.00 | ||
| 650 |
_aMythology, Greek _xJuvenile literature _9131119 |
||
| 650 |
_aTrojan war _xJuvenile literature _9131120 |
||
| 942 |
_2lcc _cBK |
||
| 999 |
_c93849 _d93849 |
||